MARC

LEADER 00000nam0a2200000 4500
001 109792
005 20231101214908.0
035 |a (RuTPU)RU\TPU\book\118560 
090 |a 109792 
100 |a 20070213d1971 km y0rusy50 ca 
101 0 |a rus 
102 |a RU 
105 |a a z 001zy 
200 1 |a Многостанционный доступ в системах спутниковой связи  |e обзор  |f В. Л. Быков  |g Международный центр научной и технической информации 
210 |a Москва  |c Изд-во ЦНТИ  |d 1971 
215 |a 62 с.  |c ил. 
320 |a Библиогр.: с. 54-62. 
610 1 |a искусственные спутники Земли 
610 1 |a использование 
610 1 |a системы 
610 1 |a спутниковая связь 
610 1 |a уплотнение 
675 |a 621.396.93  |v 3 
700 1 |a Быков  |b В. Л. 
712 0 2 |a Международный центр научной и технической информации  |2 stltpush  |3 (RuTPU)RU\TPU\col\12635  |9 25487 
801 1 |a RU  |b 63413507  |c 20070213  |g PSBO 
801 2 |a RU  |b 63413507  |c 20080513  |g PSBO 
942 |c BK